Kvantovaja mechanika s zadačami

Saved in:
Bibliographic Details
Main Authors: Jeľutin, Pavel V. (Author), Krivčenkov, Vladimir Dmitrijevič (Author)
Format: Book
Language:Russian
Published: Moskva : Nauka, 1976
Subjects:
Tags: Add Tag
No Tags, Be the first to tag this record!

MARC

LEADER 00000nam a22000003a 4500
001 stu220177
005 20150617230127.2
008 110119s1975------------------------rus-d
040 |a STU  |b slo 
041 0 |a rus 
080 |a 530.145 
100 1 |a Jeľutin, Pavel V.  |4 aut 
245 1 |a Kvantovaja mechanika s zadačami 
260 |a Moskva :  |b Nauka,  |c 1976 
300 |a 332 s 
650 7 |a kvantová mechanika  |2 stusub 
650 7 |a štatistická mechanika  |2 stusub 
700 1 |a Krivčenkov, Vladimir Dmitrijevič  |4 aut 
996 |b E39040  |c E*39040  |l EE10  |s P  |a 0  |w stu220177_0002